[Event "Bad Woerishofen op"]
[Site "Bad Woerishofen"]
[Date "2001.??.??"]
[Round "9"]
[White "Walke, Guenter"]
[Black "Federer, Hans-Joachim"]
[Result "1/2-1/2"]
[WhiteElo "1747"]
[BlackElo "2025"]
[Annotator "ChessOrg"]
[PlyCount "23"]
[EventDate "1998.03.05"]
[Source "ChessBase"]
[SourceDate "1998.04.29"]

1. d4 {A43: Alt-Benoni} 1... c5 2. e3 Nf6 3. f4 d5 4. Nf3 Bg4 5. c3 Nc6 6. Bd3
e6 7. O-O 7... Be7 {letzter Buchzug} 8. Qe1 cxd4 9. exd4 Bh5 10. Ne5 (10. f5
exf5 11. Bxf5 11... O-O $15) 10... Qb6 (10... Bg6 11. f5 exf5 12. Bxf5 Bxf5 13.
Rxf5 $15) 11. Kh1 (11. Nxc6 bxc6 12. f5 c5 13. fxe6 cxd4 14. exf7+ 14... Bxf7
$11) 11... Bg6 $15 12. f5 1/2-1/2

[Event "Bad Woerishofen op"]
[Site "?"]
[Date "2001.??.??"]
[Round "1"]
[White "Wallhof, Dieter"]
[Black "Kekelidse, Mikheil"]
[Result "0-1"]
[WhiteElo "2061"]
[BlackElo "2512"]
[Annotator "ChessOrg"]
[PlyCount "80"]
[EventDate "2000.??.??"]

1. d4 {A48: Koenigsindisch (ohne c2-c4)} 1... Nf6 2. Nf3 c5 3. e3 g6 4. dxc5
Qa5+ 5. Bd2 {letzter Buchzug} 5... Qxc5 6. Bc3 Bg7 7. Nbd2 O-O 8. Nb3 Qc7 9.
Be2 Nc6 10. O-O e5 11. h3 a6 12. a4 d5 13. Qb1 Ne4 14. Be1 Be6 15. Nfd2 Nxd2
16. Bxd2 Rad8 17. Nc5 Bc8 18. b4 Qe7 19. Ra3 a5 20. Rb3 Nxb4 21. Bxb4 axb4 22.
Nd3 e4 23. Nxb4 Qg5 24. Bg4 (24. Kh1 $5 $15 $142) 24... Bxg4 $17 25. hxg4 Qxg4
26. c3 Rfe8 27. Qd1 Qd7 28. Ra3 Re5 29. Qe2 Rh5 30. f4 exf3 31. gxf3 $2 (31.
Rxf3 Qc7 32. Nd3 Qh2+ 33. Kf2 Qh4+ 34. Kg1 Qh1+ 35. Kf2 $19) 31... Qe7 32. Rf2
(32. f4 32... d4 $1 33. Qf3 33... dxe3 $19) 32... Qc7 (32... d4 33. Ra2 dxe3
34. Rg2 Bxc3 35. Nc6 bxc6 36. f4 $19) 33. Nd3 Bxc3 34. Nf4 Re5 35. Qd3 Bb4 36.
Rb3 Bf8 37. Rf1 (37. Rc2 Bc5 38. Ng2 38... b6 $19) 37... Bc5 (37... Rxe3 38.
Qxe3 Bc5 39. Ng2 Bxe3+ 40. Rxe3 $19) 38. Rc1 (38. Ng2 $19) 38... Rxe3 39. Rxc5
Rxd3 40. Nxd3 (40. Rxc7 Rxb3 41. Kf2 $19) 40... Qg3+ (40... Qg3+ 41. Kh1 Qxf3+
42. Kh2 Qe2+ 43. Kh3 43... Re8 $19) 0-1

[Event "Bad Woerishofen op"]
[Site "Bad Woerishofen"]
[Date "2001.??.??"]
[Round "3"]
[White "Wallhof, Dieter"]
[Black "Lada, Ireneusz"]
[Result "0-1"]
[WhiteElo "2061"]
[BlackElo "2216"]
[Annotator "ChessOrg"]
[PlyCount "73"]
[EventDate "1998.03.05"]
[Source "ChessBase"]
[SourceDate "1998.04.29"]

1. Nf3 {A41: Moderne Verteidigung} 1... d6 2. d4 Bg4 3. Nbd2 Nf6 4. h3 Bh5 5.
c3 {letzter Buchzug} 5... c6 6. e3 (6. g4 6... Bg6 $14) 6... Bg6 (6... d5 7.
Qb3 Qc7 8. c4 $11) 7. Nh4 $14 7... e6 8. Nxg6 hxg6 9. Be2 Nbd7 10. Qc2 d5 11.
O-O Bd6 12. f4 Nh5 13. Bxh5 Rxh5 (13... gxh5 $143 14. e4 $11) 14. Nf3 Nf6 15.
Ng5 Rxg5 (15... Qe7 16. b3 $15) 16. fxg5 $11 16... Ne4 17. Bd2 Qxg5 18. Rf3
O-O-O (18... f6 19. c4 $11) 19. Raf1 (19. Rxf7 $143 19... Qg3 20. Be1 Qh2+ 21.
Kf1 Qh1+ 22. Ke2 Qxg2+ 23. Kd3 23... Qxh3 $15) 19... Rh8 20. Be1 (20. Rxf7 Qg3
21. R1f3 Qh2+ 22. Kf1 Qh1+ 23. Ke2 Qxg2+ 24. Kd1 Nf6 (24... Rxh3 $143 25. Rxh3
Qxh3 26. Qb3 $11) 25. R3xf6 gxf6 26. Rxf6 26... Be7 $17 (26... Rxh3 $6 27. Qxg6
Qxg6 28. Rxg6 $15)) 20... f5 21. c4 Bb8 22. b4 (22. Qa4 $5 $14) 22... Qe7 23.
b5 (23. h4 $15 $142) 23... g5 $4 (23... Qc7 $142 24. R1f2 Qh2+ 25. Kf1 Ng3+ 26.
Rxg3 Bxg3 (26... Qxg3 $143 27. bxc6 Qxe3 28. cxd5 exd5 29. Rxf5 bxc6 30. Qxc6+
Bc7 31. Qa6+ Kb8 32. Qb5+ Bb6 33. Rf3 $14) 27. bxc6 Bxf2 28. Bxf2 Qc7 (28...
bxc6 $6 29. cxd5 Qd6 30. dxc6 $15) 29. cxb7+ 29... Kxb7 $17) 24. c5 $4 (24.
bxc6 Qc7 25. cxb7+ Kxb7 26. g4 Qxc4 27. Qxc4 dxc4 28. gxf5 exf5 29. Rxf5 $16)
24... Bc7 $4 (24... g4 25. bxc6 gxf3 26. cxb7+ Kxb7 27. gxf3 Qg5+ 28. Qg2 Qxe3+
29. Kh1 29... g5 $19) 25. bxc6 (25. g4 $5 25... cxb5 26. a4 fxg4 27. hxg4 Bh2+
28. Kg2 $14) 25... g4 $15 26. Qb1 $4 (26. cxb7+ Kxb7 27. Qb3+ Ka8 28. Rxf5 exf5
29. Qxd5+ Kb8 30. Rxf5 gxh3 31. Qb3+ Kc8 32. Rf7 h2+ 33. Kh1 $11) 26... b6 $4 (
26... bxc6 $142 27. Rf4 27... gxh3 $19) 27. cxb6 $11 27... axb6 (27... gxf3 $2
28. bxa7 f2+ 29. Rxf2 Bh2+ 30. Kxh2 Qxa7 31. Rb2 $18) 28. Rf4 (28. Qb5 Qd6 29.
Rf4 Qa3 30. hxg4 Qxe3+ 31. Bf2 31... Qa3 $15 (31... Bxf4 32. Qa6+ Kd8 33. Qa8+
Ke7 34. Qxh8 Nxf2 35. Qh4+ (35. Rxf2 $143 35... Qxd4 36. c7 Bxc7 37. gxf5 37...
Be5 $17) 35... Kd6 36. Qxf2 $11) (31... Qxf4 32. Qa6+ Kd8 33. Qa8+ Ke7 34. Qxh8
$16)) 28... gxh3 (28... Qa3 29. Rxe4 29... dxe4 $17) 29. g3 $2 (29. Qd3 $5 $142
29... Qg5 30. Qa6+ Kd8 31. g4 Bxf4 32. Rxf4 $11) 29... Qa3 30. Rxe4 (30. R4f3
Ng5 31. Rf4 Qxe3+ 32. Bf2 32... Qe2 $19 (32... Bxf4 $2 33. Bxe3 Bxe3+ 34. Kh2
Bxd4 35. Qd3 $18)) 30... dxe4 (30... fxe4 31. Kh2 Qxe3 32. Qb4 $17) 31. Bf2 (
31. Qb3 31... Qd6 $19) 31... g5 (31... Qa6 32. Re1 Qc4 33. Kh2 $19) 32. Qc2 Qa8
(32... h2+ 33. Kh1 $19) 33. Qb1 $2 (33. Qc4 Rh6 34. Qb4 h2+ 35. Kh1 $15) 33...
Qxc6 $19 34. Qb3 Qd5 35. Qb2 h2+ 36. Kh1 Qa8 (36... f4 $5 37. Rc1 Kb7 38. Rc5
$19) 37. Qb5 $2 (37. Rc1 $142 37... Kd8 38. d5 $19) 0-1

[Event "Bad Woerishofen op"]
[Site "Bad Woerishofen"]
[Date "2001.??.??"]
[Round "6"]
[White "Wallhof, Dieter"]
[Black "Schneider, Richard"]
[Result "1/2-1/2"]
[WhiteElo "2061"]
[BlackElo "2180"]
[Annotator "ChessOrg"]
[PlyCount "96"]
[EventDate "1998.03.05"]
[Source "ChessBase"]
[SourceDate "1998.04.29"]

1. e4 {B31: Sizilianisch (Rossolimo-Variante)} 1... c5 2. Nf3 Nc6 3. Bb5 g6 4.
Bxc6 dxc6 5. d3 Bg7 6. h3 e5 7. Nc3 Qe7 8. Be3 Nf6 9. Qc1 {letzter Buchzug}
9... h6 10. a4 Nd7 (10... Qd6 11. Qd2 $11) 11. g4 Nf8 12. Ne2 Ne6 13. c3 Ng5
14. Nxg5 hxg5 15. Ng3 Bf6 16. b3 a5 17. Qa3 b6 18. O-O-O Be6 19. f3 Rd8 20. Kc2
Qc7 21. Qc1 Qe7 22. Ne2 (22. Qa3 22... Bc8 $11) 22... Rd7 23. c4 Kd8 24. Nc3
Kc8 25. Qd2 Qd8 26. Qf2 Be7 27. Qg2 Bf8 28. Rd2 f6 29. Rh2 Rdh7 30. Ne2 Qd7 31.
Ng1 Be7 32. Qf1 f5 33. Rhg2 Qd8 34. Qa1 Bf6 35. Rd1 Rd7 36. Bc1 f4 37. Bb2 Qc7
38. Rgd2 Kd8 (38... Bg7 39. Rh2 $17) 39. Bc3 Ke8 40. Kc1 Kf7 41. Ra2 Rdd8 42.
Qb2 Ra8 43. Qa1 Bd7 44. Kd2 Ke6 45. Ke2 Ra6 46. Kf1 Rha8 47. Rb1 Be8 48. Ke2
R8a7 1/2-1/2

[Event "Bad Woerishofen op"]
[Site "Bad Woerishofen"]
[Date "2001.??.??"]
[Round "8"]
[White "Wallhof, Dieter"]
[Black "Stippekohl, Peter"]
[Result "1-0"]
[WhiteElo "2061"]
[BlackElo "2195"]
[Annotator "ChessOrg"]
[PlyCount "113"]
[EventDate "1998.03.05"]
[Source "ChessBase"]
[SourceDate "1998.04.29"]

1. g3 {A00: Unregelmaessige Eroeffnungen} 1... Nf6 2. Bg2 d5 3. b3 e5 4. Bb2
4... Bd6 {letzter Buchzug} 5. c4 d4 6. Qc2 c5 7. d3 O-O 8. Nd2 Nc6 9. Nh3 Bf5
10. f3 (10. Bxc6 bxc6 11. Ng5 11... Bc7 $11) 10... Ne8 11. Nf2 Bg6 12. a3 a5 (
12... f5 13. O-O $15) 13. a4 (13. O-O $5 $11) 13... f5 14. Ba3 Nf6 15. O-O-O
Qb6 16. Rdf1 Rae8 17. g4 h6 18. gxf5 Bxf5 19. Nfe4 Nd8 (19... Nb4 20. Nxf6+
Rxf6 21. Qb2 $11) 20. h4 Ne6 21. Bh3 Bxh3 22. Rxh3 Nf4 23. Rh2 (23. Nxd6 $143
23... Nxe2+ (23... Qxd6 $143 24. Rh2 $14) 24. Kb2 24... Qxd6 $17) 23... Be7 24.
Nxf6+ (24. Rg1 24... Rc8 $14) 24... gxf6 25. Qd1 (25. Rg1+ $5 25... Kh8 26. Nf1
$14) 25... Kf7 26. Rg1 Rg8 27. Kb1 Rxg1 28. Qxg1 Rg8 29. Qf1 f5 30. h5 Qf6 31.
Kc2 Qg5 32. Bc1 Qg1 33. Qxg1 Rxg1 34. Nb1 Bg5 35. Bd2 Kf6 (35... Ne6 $5 $17
$142) 36. Bxa5 $11 36... Ng2 37. Bd8+ Kg7 38. Bxg5 hxg5 39. h6+ Kh7 40. b4 Ne3+
41. Kb2 cxb4 42. Nd2 g4 43. fxg4 Nxg4 44. Nf3 Nxh2 45. Nxg1 Kxh6 46. Kb3 Kg5
47. a5 47... Kf4 $4 (47... Ng4 $14 $142) 48. c5 $18 (48. Kxb4 Ke3 49. c5 49...
Ng4 $18) 48... Ke3 (48... Nf1 49. a6 $1 49... bxa6 50. c6 $18) 49. c6 $1 49...
bxc6 50. a6 e4 (50... Kf2 51. a7 $18) 51. a7 Kf2 52. dxe4 fxe4 53. a8=Q Kxg1
54. Qxc6 Nf1 55. Kxb4 d3 56. exd3 e3 (56... exd3 57. Qf3 $18) 57. Qf3 (57. Qf3
Nh2 58. Qxe3+ Kg2 59. Kc5 $18) 1-0

[Event "Bad Woerishofen op"]
[Site "?"]
[Date "2001.??.??"]
[Round "1"]
[White "Walther, Alexander"]
[Black "Rau, Uwe"]
[Result "0-1"]
[WhiteElo "1743"]
[BlackElo "2164"]
[Annotator "ChessOrg"]
[PlyCount "84"]
[EventDate "2000.??.??"]

1. Nf3 {C11: Franzoesische Verteidigung} 1... Nf6 2. d4 e6 3. Bg5 Be7 4. Nbd2
d5 5. Bxf6 Bxf6 6. e4 dxe4 7. Nxe4 7... Be7 {letzter Buchzug} 8. c3 O-O 9. Bd3
b6 10. Qc2 Nd7 11. h4 c5 12. Ne5 cxd4 13. Nc6 (13. cxd4 $143 13... Nxe5 14.
dxe5 14... Qd4 $17 (14... Bxh4 $143 15. Rd1 h6 16. Qa4 $16)) 13... Qe8 14. Nxd4
Ne5 15. Be2 h6 16. g4 f5 17. gxf5 exf5 18. Ng3 Bb7 (18... Qf7 19. h5 $11) 19.
f3 (19. Rg1 Bc5 20. O-O-O Bxd4 21. Rxd4 21... Qc8 $16) 19... g6 20. O-O-O f4
21. Ne4 Qf7 22. Kb1 Bd5 23. b3 Rfc8 24. Rhg1 Kh8 (24... Bxh4 $143 25. Nd6 Qf6
26. N4f5 $16) 25. Ba6 25... Rc5 $2 (25... Rc7 26. c4 Rd8 27. Nb5 $16) 26. Nxc5
(26. c4 $5 26... Bxe4 27. Qxe4 27... Rd8 $18) 26... bxc5 $16 27. c4 Qf6 (27...
cxd4 $5 28. cxd5 Qxd5 29. Rxg6 Nxg6 30. Qxg6 Qd6 31. Qxd6 Bxd6 32. Rxd4 32...
Rd8 $16) 28. cxd5 $18 28... cxd4 29. Bd3 (29. Qe4 29... Rf8 $18) 29... a5 30.
Be4 d3 (30... Rg8 31. h5 g5 32. Qd2 $16 (32. Rxd4 $6 32... Nxf3 33. Rc4 33...
Nxg1 $11)) 31. Bxd3 a4 32. Bc4 (32. bxa4 32... Qd6 $18) 32... Rc8 (32... Nxc4
33. Qxc4 axb3 34. axb3 Qa1+ 35. Kc2 Qa2+ 36. Kd3 36... Rb8 $18) 33. Qb2 Kh7 34.
h5 (34. Bd3 axb3 35. axb3 Nxd3 36. Qxf6 Bxf6 37. Rxd3 37... Bxh4 $18) 34...
Qf5+ 35. Qc2 Qxh5 36. d6 (36. Qe4 $142 36... axb3 37. Bxb3 $16) 36... Nxc4 $2 (
36... axb3 $142 37. axb3 Nxc4 38. bxc4 38... Bf6 $14) 37. bxc4 $18 37... Rb8+ (
37... Bg5 38. Rd3 $18 (38. Qxa4 $6 38... Rb8+ 39. Kc2 Qxf3 40. Qd7+ 40... Kh8
$11)) 38. Kc1 Bg5 39. d7 (39. Qf2 $142 39... Rc8 40. Qa7+ Kg8 41. Qc7 $18 (41.
Qxa4 $6 41... Qxf3 42. Qb3 Qe3+ 43. Qxe3 43... fxe3 $16)) 39... Qxf3 $16 40.
Qd2 $4 (40. Rd3 $142 40... Qh5 41. Rd5 $18 (41. Qxa4 f3+ 42. Rxg5 Qxg5+ 43. Kc2
Qg2+ 44. Rd2 Rb2+ 45. Kxb2 Qxd2+ 46. Kb3 46... h5 $11)) 40... Qa3+ 41. Kc2 Rb2+
42. Kc1 Rb3+ (42... Rb3+ 43. Qb2 Qxb2#) 0-1

[Event "Bad Woerishofen op"]
[Site "Bad Woerishofen"]
[Date "2001.??.??"]
[Round "3"]
[White "Walther, Alexander"]
[Black "von Saldern, Ruediger"]
[Result "0-1"]
[WhiteElo "1743"]
[BlackElo "2148"]
[Annotator "ChessOrg"]
[PlyCount "62"]
[EventDate "1998.03.05"]
[Source "ChessBase"]
[SourceDate "1998.04.29"]

1. Nf3 {D03: Damenbauernspiele} 1... d5 2. d4 Nf6 3. Bg5 Nbd7 4. Nbd2 h6 5. Bh4
5... e6 {letzter Buchzug} 6. c3 Be7 7. Qc2 b6 8. Bxf6 Bxf6 9. e4 Bb7 10. Bd3 c5
11. e5 Be7 12. a3 a5 13. h4 (13. O-O cxd4 14. cxd4 14... Rc8 $11) 13... Bc6 14.
h5 Rc8 15. Qd1 b5 16. Rh3 Qb6 17. Rg3 Bf8 (17... cxd4 18. Rxg7 dxc3 19. bxc3
$15) 18. Nf1 b4 19. axb4 axb4 20. Bc2 bxc3 21. bxc3 Qb2 (21... cxd4 $142 22.
cxd4 Bb4+ 23. N1d2 23... O-O $15) 22. N1h2 $4 (22. N3d2 $11 $142) 22... Qxc3+
$19 23. Kf1 cxd4 (23... Bb5+ $5 $142 24. Kg1 24... Be2 $19) 24. Nxd4 $17 24...
Qc4+ 25. Kg1 Nxe5 26. Ng4 Bd6 (26... Nxg4 $5 27. Rxg4 27... Bd7 $19) 27. Ne3
Qc5 28. Rxg7 Bd7 29. Ng4 Nxg4 30. Qxg4 $4 (30. Rxg4 $142 30... Qc7 31. Qe2 $17)
30... Be5 $19 31. Rxf7 (31. Rd1 Bxd4 32. Rxd4 Qxc2 33. Rf4 Qc1+ 34. Kh2 $19)
31... Qxd4 (31... Qxd4 32. Qxd4 Bxd4 33. Rxd7 33... Rxc2 $19) 0-1

[Event "Bad Woerishofen op"]
[Site "Bad Woerishofen"]
[Date "2001.??.??"]
[Round "6"]
[White "Walther, Alexander"]
[Black "Beckers, Manfred"]
[Result "1-0"]
[WhiteElo "1743"]
[BlackElo "1855"]
[Annotator "ChessOrg"]
[PlyCount "69"]
[EventDate "1998.03.05"]
[Source "ChessBase"]
[SourceDate "1998.04.29"]

1. Nf3 {A04: Hollaendisches System ohne Uebergang in andere Systeme} 1... c5 2.
c3 2... Nf6 {letzter Buchzug} 3. Qc2 g6 4. e4 d6 5. d4 Bg7 6. Bg5 Nfd7 7. Nbd2
Nc6 8. dxc5 Nxc5 9. O-O-O Be6 10. Kb1 a6 11. Nb3 (11. Be3 $5 $11 $142) 11...
Nxe4 $1 $17 12. Bd3 (12. Qxe4 12... Bf5 $19) 12... Nf6 (12... Bxb3 13. axb3
Nxg5 14. Nxg5 $19) 13. Nfd4 $2 (13. Rhe1 Rc8 14. Nbd2 14... Nd5 $17) 13... Bd5
(13... Nxd4 $5 $142 14. Nxd4 Bxa2+ 15. Kxa2 Qa5+ 16. Kb1 Qxg5 17. Qa4+ 17...
Kf8 $19) 14. f4 Qd7 15. f5 (15. Rhe1 h6 16. Bh4 16... O-O $17) 15... Ne5 $19
16. Bxf6 Bxf6 (16... exf6 $143 17. Rhe1 $15) 17. fxg6 hxg6 18. Be4 Bxe4 19.
Qxe4 Rh4 20. Qe1 O-O-O (20... Rc8 21. h3 $19) 21. h3 $17 21... Rdh8 22. Rf1 Qa4
23. Nc1 Qc4 24. Ka1 Kd7 25. Ncb3 R4h5 26. Nd2 Qa4 (26... Qc7 $5 $17 $142) 27.
Ne4 $11 27... Bg7 28. Nf5 28... Qc6 $4 (28... Qxd1+ $1 $142 29. Qxd1 29... Rxf5
$11 (29... gxf5 $143 30. Ng3 Rg5 31. Nxf5 $18)) 29. Nxg7 $18 29... R5h7 30. Ng5
(30. Nxd6 $142 30... exd6 31. Qxe5 f5 32. Qe6+ Kc7 33. Qxg6 33... f4 $18) 30...
Rxg7 (30... f6 31. Nf7 (31. Nxh7 $6 31... Rxh7 32. g4 32... Rxg7 $14) 31... Rg8
32. Nxd6 Rhxg7 33. Nf5+ Kc8 34. Nxg7 Rxg7 35. Qf2 $18) 31. Qxe5 f6 32. Qe6+ Kd8
(32... Kc7 33. Nf7 33... Re8 $18) 33. Nf7+ Rxf7 34. Qxf7 Qxg2 35. Rfe1 (35.
Rfe1 Kc8 36. Rxe7 $18) 1-0

[Event "Bad Woerishofen op"]
[Site "Bad Woerishofen"]
[Date "2001.??.??"]
[Round "8"]
[White "Walther, Alexander"]
[Black "Stierle, Martin"]
[Result "1-0"]
[WhiteElo "1743"]
[BlackElo "1945"]
[Annotator "ChessOrg"]
[PlyCount "43"]
[EventDate "1998.03.05"]
[Source "ChessBase"]
[SourceDate "1998.04.29"]

1. Nf3 {A48: Koenigsindisch (ohne c2-c4)} 1... g6 2. d4 Nf6 3. Bg5 Bg7 4. Nbd2
d5 5. Bxf6 {letzter Buchzug} 5... Bxf6 6. e4 c6 7. c3 Bg7 8. Qc2 Nd7 9. O-O-O (
9. Bd3 9... O-O $11) 9... Qa5 10. Kb1 e6 11. h4 h5 12. Bd3 Nf8 13. Ng5 Qc7 14.
f4 (14. Rhe1 dxe4 15. Ndxe4 15... b6 $14) 14... f6 (14... dxe4 $5 15. Bxe4
15... f5 $11 (15... Qxf4 $2 16. Rdf1 Qg4 17. Rxf7 $18)) 15. Nh3 $14 15... Bd7
16. exd5 f5 17. dxe6 Bxe6 18. d5 (18. g3 18... O-O-O $16) 18... Bxd5 19. Rhe1+
Kd8 (19... Kf7 20. c4 Bxg2 21. Ng5+ Kg8 22. Rg1 $18) 20. Bc4 Nd7 (20... Nh7 $5
$16 $142) 21. Ng5 $18 21... Nf8 (21... Bf6 22. Bxd5 Bxg5 23. Be6 (23. fxg5 $6
23... cxd5 24. Qd3 24... Nb6 $16) 23... Bxh4 24. Re2 $18) 22. Ndf3 (22. Ndf3
Qd7 23. Bxd5 cxd5 24. Ne5 Bxe5 25. Rxe5 $18) 1-0

[Event "Bad Woerishofen op"]
[Site "Bad Woerishofen"]
[Date "2001.??.??"]
[Round "2"]
[White "Warnk, Torsten"]
[Black "Mauss, Ernst"]
[Result "0-1"]
[WhiteElo "2039"]
[BlackElo "1793"]
[Annotator "ChessOrg"]
[PlyCount "88"]
[EventDate "1998.03.05"]
[Source "ChessBase"]
[SourceDate "1998.04.29"]

1. d4 {E62: Koenigsindisch (6...Sc6)} 1... g6 2. g3 Bg7 3. Bg2 d6 4. Nf3 Nf6 5.
O-O O-O 6. c4 c6 7. Nc3 7... Qc7 {letzter Buchzug} 8. b4 Nbd7 9. Bb2 e5 10.
dxe5 dxe5 11. Qb3 Re8 12. e4 a5 13. a3 Nf8 14. Qc2 Be6 15. Na4 N6d7 16. Rfd1
Bxc4 17. Qxc4 b5 18. Qc2 bxa4 19. b5 c5 20. Qxa4 Ne6 21. Qc2 a4 22. Bh3 Nd4 (
22... Qb7 $5 $14) 23. Nxd4 $16 23... exd4 24. Bxd4 $1 24... Bxd4 25. Rxd4 $1
25... Ne5 26. Rd5 $18 26... Nf3+ 27. Kg2 Qe7 28. Rd7 (28. Rc1 $5 $142 28... Nd4
29. Qd3 $18 (29. Qxc5 $4 29... Qxe4+ 30. f3 Qxf3+ 31. Kg1 Ne2#)) 28... Qf6 $16
29. Ra2 $4 (29. Rc1 $142 29... Ne5 30. f4 Nxd7 31. Bxd7 $14) 29... Ne1+ $19 30.
Kf1 Nxc2 31. Rxc2 Qb6 32. Rb2 (32. Rd5 Qxb5+ 33. Kg2 33... Ra5 $19) 32... Rad8
33. f3 Rxd7 (33... c4 34. Rbd2 $19) 34. Bxd7 Rd8 35. Bc6 Rd3 (35... c4 $5 $142
36. Kg2 $19) 36. Kg2 c4 37. Rc2 Qc5 (37... c3 $142 38. Kh3 Rd2 39. Rxc3 $19)
38. Bd5 (38. f4 $19) 38... c3 39. Kh3 Qxb5 40. f4 Qb1 41. Rf2 c2 42. f5 42...
Rxd5 $1 43. fxg6 (43. exd5 c1=Q) 43... Rh5+ 44. Kg2 (44. Kg4 Qd1+ 45. Rf3 fxg6
46. h4 Qd7+ 47. Rf5 Rxf5 48. e5 Rf6+ 49. Kg5 c1=Q+ 50. Kxf6 Qf7#) 44... hxg6 (
44... hxg6 45. Rxc2 Qxc2+ 46. Kf3 Qd3+ 47. Kf4 f6 48. h4 Qe2 49. e5 fxe5#) 0-1

[Event "Bad Woerishofen op"]
[Site "Bad Woerishofen"]
[Date "2001.??.??"]
[Round "4"]
[White "Warnk, Torsten"]
[Black "Fabian, Laszlo"]
[Result "0-1"]
[WhiteElo "2039"]
[BlackElo "1800"]
[Annotator "ChessOrg"]
[PlyCount "142"]
[EventDate "1998.03.05"]
[Source "ChessBase"]
[SourceDate "1998.04.29"]

1. d4 {D93: Gruenfeld-Verteidigung (5.Lf4)} 1... Nf6 2. Nf3 g6 3. Bf4 Bg7 4. c4
d5 5. e3 O-O 6. Nc3 c6 7. Be2 7... Nbd7 {letzter Buchzug} 8. O-O Nh5 9. Bg5 h6
10. Bh4 Nhf6 11. b4 a6 12. a4 dxc4 13. Bxc4 Nb6 14. Bd3 Bg4 15. h3 Be6 16. Qe2
Nbd5 17. Nxd5 Nxd5 18. Qd2 Rc8 19. Rfb1 Nc7 20. Bg3 Ne8 21. b5 axb5 22. axb5 c5
23. Be4 Bd5 24. Bxd5 Qxd5 25. Ra7 cxd4 26. Nxd4 Rd8 27. Qb4 e5 28. Nf3 Nd6 (
28... f5 29. b6 e4 30. Ra5 $14) 29. b6 $14 29... Rfe8 30. Ra5 Qd3 31. Bxe5 Nc4
32. Ne1 Qe2 33. Bxg7 Kxg7 (33... Nxa5 34. Bxh6 Nc6 35. Qh4 $14) 34. Rc5 (34.
Ra4 $5 34... Ne5 35. Rb2 $16) 34... Nd2 $14 35. Qb5 Qxb5 (35... Rxe3 $5 36. Nc2
36... Re6 $11) 36. Rbxb5 $14 (36. Rcxb5 $143 36... Nxb1 37. Rxb1 37... Rd6 $17)
36... Ra8 37. Rc2 Red8 38. Nf3 $4 (38. f3 $142 38... Ra4 39. Rc7 $16) 38...
Ra1+ $19 39. Kh2 Nf1+ 40. Kh1 Nxe3+ 41. Kh2 Nxc2 42. Rc5 Ne1 43. Ne5 (43. Nxe1
Rxe1 44. Rc7 44... Rb8 $19) 43... Re8 (43... Rd2 44. Ng4 h5 45. Ne3 Rxf2 46. h4
$19) 44. Nd7 (44. h4 44... Re6 $19) 44... Re7 (44... Re2 $5 45. h4 $19) 45. Rc7
Rd1 (45... Re2 $5 $142 46. Rxb7 Rxf2 47. Ne5 Rxg2+ 48. Kh1 $19) 46. Nc5 Re5 47.
Nxb7 Rg5 48. g4 Rb5 49. Rc6 (49. Nc5 Rxb6 50. Kg3 50... g5 $19) 49... Rdb1 (
49... Rb2 50. Rc3 Rxf2+ 51. Kg3 Rg2+ 52. Kf4 g5+ 53. Ke4 $19) 50. Nd6 Rxb6 51.
Ne8+ Kf8 52. Rc8 (52. Rxb6 Rxb6 53. Nc7 53... Rf6 $19) 52... Rb8 (52... Ke7 $5
$142 53. Ra8 $19) 53. Rxb8 Rxb8 54. Nd6 (54. Nf6 Rb2 55. Kg3 Rb3+ 56. Kh2 56...
Rf3 $19) 54... Nf3+ (54... Rb4 55. f3 $19) 55. Kg3 Ng5 56. h4 Rb3+ 57. Kg2 Ne6
58. Ne4 Ke7 59. Nd2 Rd3 60. Ne4 Nf4+ 61. Kg1 f5 62. gxf5 gxf5 63. Ng3 Ke6 64.
Kh2 Rd2 65. Kg1 Ne2+ 66. Kg2 Nxg3 67. Kxg3 Ke5 68. h5 (68. Kf3 f4 69. Kg4 Rxf2
70. Kh5 Rg2 71. Kxh6 f3 72. h5 f2 73. Kh7 f1=Q 74. h6 Qf7+ 75. Kh8 Rg8#) 68...
f4+ (68... Ke4 69. Kg2 Kf4 70. Kg1 Kf3 71. Kh1 Rd1+ 72. Kh2 Kxf2 73. Kh3 Rh1#)
69. Kg2 (69. Kf3 Kf5 70. Kg2 Kg4 71. Kf1 f3 72. Kg1 Kh3 73. Kf1 Rd1#) 69... Kf5
(69... Ke4 70. Kf1 Kf3 71. Kg1 Rd1+ 72. Kh2 Re1 73. Kh3 Rh1#) 70. Kh3 (70. Kf3
Rb2 71. Kg2 Ke4 72. Kf1 f3 73. Kg1 Rb1+ 74. Kh2 Kf4 75. Kh3 Rh1#) 70... Rxf2
71. Kh4 Rh2# 0-1

[Event "Bad Woerishofen op"]
[Site "Bad Woerishofen"]
[Date "2001.??.??"]
[Round "6"]
[White "Warnk, Torsten"]
[Black "Duckstein, Torsten"]
[Result "1-0"]
[WhiteElo "2039"]
[BlackElo "1865"]
[Annotator "ChessOrg"]
[PlyCount "117"]
[EventDate "1998.03.05"]
[Source "ChessBase"]
[SourceDate "1998.04.29"]

1. d4 {D02: Damenbauernspiele} 1... d5 2. Nf3 Nf6 3. Bf4 c5 4. dxc5 e6 5. e3 {
letzter Buchzug} 5... Bxc5 6. Be2 (6. Nbd2 6... Nc6 $11) 6... Nc6 7. O-O (7.
Nbd2 7... Qe7 $11) 7... O-O 8. a3 a6 9. b4 Ba7 10. c4 dxc4 11. Bxc4 b5 12. Be2
Nd5 13. Ne5 (13. Bg5 f6 14. Bh4 14... Bb7 $11) 13... Nxf4 (13... Bb7 $5 14.
Nxc6 14... Bxc6 $15) 14. Nxc6 $11 (14. exf4 $143 14... Nxe5 15. fxe5 15... Bd4
$17) 14... Nxe2+ 15. Qxe2 Qf6 16. Nd2 Bb7 17. Nxa7 Rxa7 18. Rfc1 Rd8 19. Nb3
Bd5 20. Nc5 h6 21. e4 Bc4 22. Qe3 Raa8 23. e5 Qe7 24. Rd1 Qc7 (24... Rd5 25.
Rxd5 exd5 26. Re1 $11) 25. Rxd8+ Qxd8 26. Nb7 Qc7 27. Nd6 a5 28. Rc1 axb4 29.
axb4 Qa7 30. Qxa7 Rxa7 31. Nxc4 bxc4 32. Kf1 Ra2 (32... Rc7 $5 $14 $142) 33.
Rxc4 $16 33... g5 34. h4 gxh4 35. Rxh4 Kg7 36. g3 Rb2 37. Kg2 (37. Rg4+ 37...
Kf8 $16) 37... Rb3 (37... Re2 $5 $14) 38. Rf4 Kg6 39. Kf1 Rb2 40. Ke1 Kg7 41.
Kd1 Kf8 42. f3 h5 43. Kc1 Re2 44. Re4 Rg2 45. b5 Rxg3 46. Re3 (46. b6 46... Rg8
$16) 46... Ke7 47. b6 Rg8 48. Rc3 Rb8 49. Rc7+ Kd8 50. Rxf7 Rxb6 51. Kd2 Rb2+
52. Ke3 Ke8 53. Rh7 Rh2 54. Kf4 h4 (54... Rh3 $5 $11 $142) 55. Kg5 $16 55...
Rg2+ (55... Kf8 56. Rxh4 Rf2 57. Kf6 Rxf3+ 58. Kxe6 $18) 56. Kf6 $18 56... Rf2
57. Kxe6 57... Rxf3 $2 (57... Kf8 58. Rh8+ Kg7 59. Rxh4 Rxf3 60. Rd4 $18) 58.
Rxh4 (58. Rh8+ $5 $142 58... Rf8 59. Rxh4 59... Rg8 $18) 58... Rf8 $4 (58...
Kf8 $18 $142) 59. Ra4 (59. Ra4 Kd8 60. Kd6 $18) 1-0